Central Library OPAC University of Rajshahi

Political oppositions in Western democracies / (Record no. 1612)

MARC details
000 -LEADER
fixed length control field 00827cam a22002771 4500
001 - CONTROL NUMBER
control field 1612
003 - CONTROL NUMBER IDENTIFIER
rucl marc code BD-RjUL
005 - DATE AND TIME OF LATEST TRANSACTION
control field 20211208233354.0
008 - FIXED-LENGTH DATA ELEMENTS--GENERAL INFORMATION
fixed length control field 150419s1966 ctua b 000 0 eng
035 ## - SYSTEM CONTROL NUMBER
System control number (BD-RjUL)
040 ## - CATALOGING SOURCE
Original cataloging agency DLC
Transcribing agency DLC
Modifying agency DLC
Language of cataloging eng
041 ## - LANGUAGE CODE
Language code of text/sound track or separate title eng
082 00 - DEWEY DECIMAL CLASSIFICATION NUMBER
Classification number 324.2
Edition number 23
Author mark and year POL 1966
245 10 - TITLE STATEMENT
Title Political oppositions in Western democracies /
Statement of responsibility, etc. edited by Robert A. Dahl.
260 ## - PUBLICATION, DISTRIBUTION, ETC. (IMPRINT)
Place of publication, distribution, etc. New Haven :
Name of publisher, distributor, etc. Yale University Press,
Date of publication, distribution, etc. 1966.
300 ## - PHYSICAL DESCRIPTION
Pagination xix, 458 p. :
Illustrations illus. ;
Size 24 cm.
504 ## - BIBLIOGRAPHY, ETC. NOTE
Bibliography, etc Bibliography: p. 439-450.
650 #0 - SUBJECT ADDED ENTRY--TOPICAL TERM
Topical term or geographic name as entry element Political parties.
9 (RLIN) 116591
Topical term or geographic name as entry element Politics, Practical.
9 (RLIN) 116592
Topical term or geographic name as entry element Opposition (Political science)
9 (RLIN) 116590
Topical term or geographic name as entry element Democracy.
9 (RLIN) 116593
700 ## - ADDED ENTRY--PERSONAL NAME
Personal name Dahl, Robert A.
942 ## - ADDED ENTRY ELEMENTS (KOHA)
Source of classification or shelving scheme Dewey Decimal Classification
Koha item type Books
Holdings
Lost status Source of classification or shelving scheme Damaged status Not for loan Collection code Permanent Location Current Location Shelving location Date acquired Source of acquisition Cost, normal purchase price Total Checkouts Full call number Date last seen Copy number Koha item type
  Dewey Decimal Classification   Not For Loan Non-fiction Central Library, University of Rajshahi Central Library, University of Rajshahi Reading Room   Zithlinger 27.00   324.2 POL 1966 19/04/2015 C-1 Books
  Dewey Decimal Classification     Non-fiction Central Library, University of Rajshahi Central Library, University of Rajshahi     Zeithlinger 27.00   324.2 POL 1966 19/04/2015 C-3 Books
  Dewey Decimal Classification     Non-fiction Central Library, University of Rajshahi Central Library, University of Rajshahi     Zeithlinger     324.2 POL 1966 19/04/2015 C-4 Books
  Dewey Decimal Classification     Non-fiction Central Library, University of Rajshahi Central Library, University of Rajshahi     Zeithlinger     324.2 POL 1966 19/04/2015 C-5 Books
  Dewey Decimal Classification     Non-fiction Central Library, University of Rajshahi Central Library, University of Rajshahi     Zeithlinger 27.00   324.2 POL 1966 19/04/2015 C-6 Books
  Dewey Decimal Classification     Non-fiction Central Library, University of Rajshahi Central Library, University of Rajshahi     Zeithlinger 27.00   324.2 POL 1966 19/04/2015 C-7 Books
  Dewey Decimal Classification     Non-fiction Central Library, University of Rajshahi Central Library, University of Rajshahi     Zeithlinger 27.00   324.2 POL 1966 19/04/2015 C-8 Books
  Dewey Decimal Classification     Non-fiction Central Library, University of Rajshahi Central Library, University of Rajshahi     Zeithlinger 27.00   324.2 POL 1966 19/04/2015 C-2 Books
  Dewey Decimal Classification     Non-fiction Central Library, University of Rajshahi Central Library, University of Rajshahi   17/04/1968 Zeitlinger 112.60   324.2 POL 1966 11/05/2016 C-9 Books